<?xml version="1.0" encoding="UTF-8"?>
<record
    xmlns:xsi="http://www.w3.org/2001/XMLSchema-instance"
    xsi:schemaLocation="http://www.loc.gov/MARC21/slim http://www.loc.gov/standards/marcxml/schema/MARC21slim.xsd"
    xmlns="http://www.loc.gov/MARC21/slim">

  <leader>01644nam a22002417a 4500</leader>
  <datafield tag="999" ind1=" " ind2=" ">
    <subfield code="c">3759</subfield>
    <subfield code="d">3759</subfield>
  </datafield>
  <controlfield tag="003">DO-SdBJH</controlfield>
  <controlfield tag="005">20191030223017.0</controlfield>
  <controlfield tag="008">180529b           ||||| |||| 00| 0 spa d</controlfield>
  <datafield tag="040" ind1=" " ind2=" ">
    <subfield code="a">DO-SdBJH</subfield>
    <subfield code="b">spa</subfield>
    <subfield code="c">DO-SdBJH</subfield>
  </datafield>
  <datafield tag="090" ind1=" " ind2=" ">
    <subfield code="a">TG EGAEE</subfield>
    <subfield code="b">01070 2016</subfield>
  </datafield>
  <datafield tag="100" ind1="1" ind2=" ">
    <subfield code="a">Mont&#xE1;s Pel&#xE1;ez, Newton Davinsy</subfield>
    <subfield code="e">sustentante</subfield>
  </datafield>
  <datafield tag="245" ind1="1" ind2="0">
    <subfield code="a">An&#xE1;lisis de la evoluci&#xF3;n hist&#xF3;rica de la integridad del estado-naci&#xF3;n dominicano desde la perspectiva de la Defensa, 1844-2013</subfield>
    <subfield code="c">Newton Davinsy Mont&#xE1;s Pel&#xE1;ez, asesores Belkis Tejada,  Francisco Acosta P&#xE9;rez</subfield>
  </datafield>
  <datafield tag="300" ind1=" " ind2=" ">
    <subfield code="a">xxviii, 150 paginas, ilustraciones-mapas-tablas-cuadros-gr&#xE1;ficos</subfield>
  </datafield>
  <datafield tag="502" ind1=" " ind2=" ">
    <subfield code="a">Tesis (Maestr&#xED;a en Defensa y Seguridad Nacional) -- Instituto Superior para la Defensa (INSUDE). -- Escuela de Graduados de Altos Estudios Estrat&#xE9;gico, 2016.</subfield>
  </datafield>
  <datafield tag="504" ind1=" " ind2=" ">
    <subfield code="a">Incluye referencias bibliogr&#xE1;ficas e &#xED;ndices</subfield>
  </datafield>
  <datafield tag="505" ind1=" " ind2=" ">
    <subfield code="a">Evoluci&#xF3;n, desarrollo y proteccion de la integridad del estado-naci&#xF3;n. -- Marco legal rector de la integridad y Defensa de estado-naci&#xF3;n dominicano  desde 1844-2013. -- Las fuerzas armadas: Rol hist&#xF3;rico en preservaci&#xF3;n de la integridad nacional 1844-1965. -- Las Fuerzas Armadas en la actualidad: Estructura organizativa y legal: sus implicaciones en la garant&#xED;a de la integridad del estado-nacional dominicano </subfield>
  </datafield>
  <datafield tag="650" ind1=" " ind2="4">
    <subfield code="a">Evoluci&#xF3;n hist&#xF3;rica -- Fuerzas Armadas -- Integridad dominicana</subfield>
  </datafield>
  <datafield tag="651" ind1=" " ind2="4">
    <subfield code="a">Rep&#xFA;blica Dominicana -- Estado-naci&#xF3;n</subfield>
  </datafield>
  <datafield tag="700" ind1="1" ind2=" ">
    <subfield code="a">Tejada, Belkis</subfield>
    <subfield code="e">asesor</subfield>
  </datafield>
  <datafield tag="700" ind1="1" ind2=" ">
    <subfield code="a">Acosta P&#xE9;rez, Francisco</subfield>
    <subfield code="e">asesor</subfield>
  </datafield>
  <datafield tag="830" ind1=" " ind2=" ">
    <subfield code="a">INSUDE.  Escuela de Graduados de Altos Estudios Estrat&#xE9;gico.  Tesis y disertaciones acad&#xE9;micas</subfield>
  </datafield>
  <datafield tag="942" ind1=" " ind2=" ">
    <subfield code="2">ddc</subfield>
    <subfield code="c">T</subfield>
  </datafield>
  <datafield tag="952" ind1=" " ind2=" ">
    <subfield code="0">0</subfield>
    <subfield code="1">0</subfield>
    <subfield code="2">ddc</subfield>
    <subfield code="4">0</subfield>
    <subfield code="5">1</subfield>
    <subfield code="7">1</subfield>
    <subfield code="8">CG</subfield>
    <subfield code="a">BJHA</subfield>
    <subfield code="b">BJHA</subfield>
    <subfield code="d">2018-05-29</subfield>
    <subfield code="i">16-01070</subfield>
    <subfield code="l">0</subfield>
    <subfield code="o">TG EGAEE 01070 2016</subfield>
    <subfield code="p">16-01070</subfield>
    <subfield code="r">2018-10-06 00:00:00</subfield>
    <subfield code="t">e.1</subfield>
    <subfield code="w">2018-05-29</subfield>
    <subfield code="y">T</subfield>
  </datafield>
</record>
